000 00486nam a2200157Ia 4500
003 OSt
005 20200617122054.0
008 190216s9999||||xx |||||||||||||| ||und||
040 _coclc
082 _a954
_bSIN/H
100 _aSinha, Narendra Krishna
_93012
245 0 _aHistory Of India /
_cNarendra Krishna Sinha ; Anil Chandra Banerjee
260 _bA Mukherjee & Co Pvt Ltd,
_c1967.
_aCalcutta:
300 _a698p
942 _cBK
_2ddc
_h954
_iSIN/H
_k954
_mSIN/H
999 _c18652
_d18652